000 00367nam a22001337a 4500
020 _a978111865404
082 _a634.0441
_bTHO/FR
100 _aThompson A.K
_91059
245 _aFruit and vegetables: Harvesting, Handling and Storage: Volume - 1 - Introduction and Fruit
250 _a3 rd
260 _aOxford
_bWiley Blackwell
_c2015
300 _a552
942 _cREF
999 _c14631
_d14631